000 01464pam a2200325 a 4500
999 _c26057
_d26057
001 1965799
003 OSt
005 20170201165221.0
008 881101s1988 caua bc l000 0 eng
010 _a 88027259
020 _a8877790539 (Nuova Alfa editoriale)
020 _a8877790520 (Nuova Alfa editoriale : pbk.)
040 _aDLC
_cDLC
_dDLC
050 0 0 _aND623.R6
_bA4 1988
082 0 0 _a759.5
_219
245 0 0 _aGuido Reni, 1575-1642.
260 _aLos Angeles, Calif. :
_bLos Angeles County Museum of Art ;
_aBologna :
_bNuova Alfa editoriale,
_cc1988.
300 _axi, 367 p. :
_bill. (some col.) ;
_c29 cm.
500 _aCatalogue of an exhibition jointly organized by the Pinacoteca nazionale of Bologna and the Los Angeles Museum of Art in association with the Kimbell Art Museum of Fort Worth, Tex.
504 _aBibliography: p. 357-365.
600 1 0 _aReni, Guido,
_d1575-1642
_xExhibitions.
700 1 _aReni, Guido,
_d1575-1642.
710 2 _aLos Angeles County Museum of Art.
710 2 _aPinacoteca nazionale (Bologna, Italy)
710 2 _aKimbell Art Museum.
856 4 2 _3Contributor biographical information
_uhttp://www.loc.gov/catdir/bios/jhu052/88027259.html
856 4 2 _3Publisher description
_uhttp://www.loc.gov/catdir/description/jhu051/88027259.html
906 _a7
_bcbc
_corignew
_d1
_eocip
_f19
_gy-gencatlg
942 _2lcc
_cBOOKS
_hND 623 .R6A4 1988